=LDR 00000nam 2200000 4500 =001 INLIS000000000012534 =005 20130612104039 =008 ***********************************Ind** =035 ##$$a0010-061300000012534 =041 ##$$a Ind =082 ##$$a 418 =090 ##$$a 418, Sur d =100 ##$$a Suryaman, Ukun =245 ##$$a Dasar-dasar bahasa Indonesia Baku, DM. Ukun Suryoman =260 ##$$a 1995 $b Bandung =300 ##$$a vii, 184 hlm., 21 cm =650 ##$$a Bahasa Indonesia =850 ##$$a NBPNMAT =990 ##$$a 0001/BPAP-NTB/20142014